Mathematical applications of electronic spreadsheets
Αποθηκεύτηκε σε:
| Κύριος συγγραφέας: | |
|---|---|
| Μορφή: | Βιβλίο |
| Γλώσσα: | English |
| Δημοσίευση: |
New York :
McGraw-Hill,
c1985
|
| Θέματα: | |
| Ετικέτες: |
Προσθήκη ετικέτας
Δεν υπάρχουν, Καταχωρήστε ετικέτα πρώτοι!
|
MARC
| LEADER | 00000pam a2200000 i 4500 | ||
|---|---|---|---|
| 001 | 1/90223 | ||
| 008 | 970418s1985 eng d | ||
| 020 | |a 0-07-002429-4 | ||
| 035 | |l 10007438 | ||
| 040 | |a GR-MY-UA |b gre |e aacr | ||
| 041 | 0 | |a eng | |
| 082 | 0 | |a 510.285 | |
| 100 | 1 | |a Arganbright, Deane. | |
| 245 | 1 | 0 | |a Mathematical applications of electronic spreadsheets / |c Deane Arganbright |
| 260 | |a New York : |b McGraw-Hill, |c c1985 | ||
| 300 | |a ix, 165 p.; |c 23 cm | ||
| 504 | |a Bibliography: p. 158-161. Includes index | ||
| 650 | 0 | 0 | |a Mathematics |x Data processing. |
| 650 | 0 | 0 | |a Electronic spreadsheets. |
| 852 | |a INST |b LESVOS |e 19970418 |h 510.285 ARG |p 005100011476 |q 005100011476 |t BK |y 0 | ||
| 909 | |a Λ |b 012004 | ||